000 00221nam a22000857a 4500
008 160705b xxu||||| |||| 00| 0 eng d
100 _92105
_a Choudhary, C
245 _aTeaching of Biology
260 _aNew Delhi
_b A.P.H.
_c2004
999 _c1800
_d1800